000 02031cam a22004694a 4500
001 14528375
003 OSt
005 20140310182445.0
008 060829s2007 nyu bf 001 0 eng
010 _a 2006028764
015 _aGBA685351
_2bnb
016 7 _a101286086
_2DNLM
016 7 _a013572398
_2Uk
020 _a97800711001595
020 _a0071100598
035 _a(OCoLC)ocm71233152
035 _a(OCoLC)71233152
040 _aDNLM/DLC
_cDLC
_dYDX
_dNLM
_dBAKER
_dUKM
_dYDXCP
_dDLC
042 _apcc
050 0 0 _aRG 627.6.D.79
_b.M4344 2007
100 _aGideon Koren.
_97655
245 0 0 _aMedication safety in pregnancy and breastfeeding :
_bthe evidence-based A-to-Z clinician's pocket guide /
_c[edited by] Gideon Koren.
246 3 8 _aMedication safety in pregnancy & breastfeeding
260 _aNew York :
_bMcGraw-Hill Medical,
_cc2007.
300 _axvi, 336 p. ;
_c21 cm.
650 0 _aFetus
_xEffect of drugs on
_vHandbooks, manuals, etc.
_97656
650 0 _aNewborn infants
_xEffect of drugs on
_vHandbooks, manuals, etc.
_97657
650 0 _aBreast milk
_xContamination
_vHandbooks, manuals, etc.
_97658
650 0 _aDrugs
_xSide effects
_vHandbooks, manuals, etc.
_97659
650 1 2 _aDrug Toxicity
_vHandbooks.
_97660
650 1 2 _aPregnancy
_xdrug effects
_vHandbooks.
_97661
650 2 2 _aBreast Feeding
_vHandbooks.
_97662
650 2 2 _aPharmaceutical Preparations
_xadverse effects
_vHandbooks.
_97663
700 1 _aKoren, Gideon,
_d1947-
_97664
856 4 2 _3Contributor biographical information
_uhttp://www.loc.gov/catdir/enhancements/fy0668/2006028764-b.html
856 4 2 _3Publisher description
_uhttp://www.loc.gov/catdir/enhancements/fy0668/2006028764-d.html
856 4 1 _3Table of contents only
_uhttp://www.loc.gov/catdir/enhancements/fy0668/2006028764-t.html
906 _a7
_bcbc
_corignew
_d1
_eecip
_f20
_gy-gencatlg
942 _2lcc
_cBK
_kSL-Mid
999 _c13580
_d13580